01281nam a22002297a 450000500170000000800410001702000180005804000070007604100080008308200200009110000210011124500310013226000380016330000280020136500530022952006560028265000120093870000270095070000240097770000250100170000250102620211007165940.0211007b ||||| |||| 00| 0 eng d a9789353450311 cAL aeng 223a338.7bBANW aAbhijit Banerjee aWhat the Economy Needs Now aNew DelhibJuggernaut Booksc2019 aix,224 p.bHBc22x14 cm a2775b₹479.20c₹d₹599.00e20%f04-10-2021 aIndias economy is under threat with rising unemployment, banks in crisis, falling GDP and farmers unrest making headlines daily. In this brilliant and urgent book, the countrys most important economists, including Abhijit Banerjee, Gita Gopinath and Raghuram Rajan, bring together their proposals on how to get the country back on track. Collectively the book provides solutions to the key problems that India is currently facing labour reforms, healthcare, education and the environment while also focusing on the vital economic growth of the nation. Rigorously yet accessibly argued, What the Economy Needs Now is a timely and deeply important book. aEconomy aBANERJEE (Abhijit) Ed. aGOPINATH (Gita) Ed. aRAJAN (Raghuram) Ed. aSHARMA (Mihir S) Ed.